| 000 | 007250000a22002170004500 | ||
|---|---|---|---|
| 003 | dpl | ||
| 005 | 20081031124624.0 | ||
| 008 | 081031t xxu||||| |||| 00| 0 eng d | ||
| 010 | _aENG-84692 | ||
| 020 |
_a8181160312 _c695.00 (hb) |
||
| 035 | _aEN-68225 | ||
| 040 | _cdpl | ||
| 082 | _a327.54 | ||
| 100 | _aKumar, S | ||
| 245 |
_aIndia's international relations / _cby S Kumar |
||
| 260 |
_aNew Delhi _bMaxford Books _c2006 |
||
| 300 |
_aviii,333p _c22cm |
||
| 500 | _aIncludes bibliographical references | ||
| 942 |
_2ddc _cEN _h327.54 _mKUM |
||
| 999 |
_c17996 _d17996 |
||